000 01451nam a22003017a 4500
005 20081111104613.0
008 081111t xxu||||| |||| 00| 0 hin d
010 _aHIN-84803
020 _a9788184551105
_c500.00
035 _aHN-57149
037 _bDBAD / PUB
040 _aDPL
_bHN
082 _a338.04082
100 _aतिवारी, अशुंजा
245 _aमहिला उद्यमिता /
_cअशुंजा तिवारी एवं संजय तिवारी
246 _aWoman
_bby Ansuja Tiwari and Sanjay Tiwari
260 _aनई दिल्ली
_bओमेगा पब्लिकेशन्स
_c2008
270 _a4398/5, अंसारी रोड, दरियागंज
_bनई दिल्ली
_e110002
_k65901906
300 _a236पृ
_c22सेमी (सजिल्द)
650 _aBusinesswomen
_zIndia
650 _a व्यवसायी महिलायें
_xरोजगार
_zभारत
650 _aWomen
_xEmployment
_zIndia
650 _aउद्यमिता
_zभारत
650 _aEnterpreneurship
_zIndia
700 _aतिवारी, संजय
942 _2ddc
_cHN
_mतिवारी
_h338.04082
999 _c18270
_d18270